000
00311nam a22001217a 4500
008
160426b xxu||||| |||| 00| 0 eng d
020
_a
9780323039918
020
_a
032303991
041
_a
eng
080
_a
618.2
245
_a
Nursing leadership management:
_c
Robert L.Anders; James A. Hawkins;
942
_2
udc
_c
BK
999
_c
1597
_d
1597